Drapeaux des Provinces d'Argentine - Statistiques

Statistiques générales
  • Ce quiz a été pris 23 fois
  • Le résultat moyen est 9 sur 24
Statistiques - réponses
Par images Réponse % Correct
Terre de Feu
71%
Jujuy
57%
Misiones
57%
Buenos Aires
43%
Catamarca
43%
Chaco
43%
Entre Ríos
43%
La Rioja
43%
Río Negro
43%
Salta
43%
Santiago del Estero
43%
Tucumán
43%
Chubut
29%
Corrientes
29%
Cо́rdoba
29%
Formosa
29%
La Pampa
29%
Mendoza
29%
Neuquén
29%
Santa Cruz
29%
San Juan
14%
San Luis
14%
Santa Fe
14%
Ville de Buenos Aires
14%
Aucun quiz correspondant
Distribution des résultats
% des personnes avec chaque résultat
Percentile par nombre de réponses
Votre historique - résultats
Vous n’avez pas pris ce quiz